| 000 | 01208nam a2200229Ia 4500 | ||
|---|---|---|---|
| 001 | L208-2847 | ||
| 003 | IT-CnALBA | ||
| 008 | 170116s9999||||xx |||||||||||||| ||und|| | ||
| 040 |
_aIT-CnALBA _cIT-CnALBA |
||
| 041 | _aBILINGUE | ||
| 100 | _aCLEMENTE ALESSANDRINO SANTO | ||
| 245 | 0 | _aPEDAGOGO (IL). | |
| 250 | _a1a ed. | ||
| 260 |
_a TO BO CT PA _bSOCIETÀ ED. INTER. _c1937 [1° Ed.:1937 - Ed.Ling.Originale: 1937] |
||
| 300 | _a552 p. | ||
| 500 | _aTESTO INTRODUZIONE E NOTE DI BOATTI ABELE. IL PEDAGOGO. IL PEDAGOGO E IL VERBO. RICERCA DELLA VERITÀ. MODO DELL'EDUCAZIONE. BONTÀ E GIUSTIZIA. PUNIZIONE. MINACCE DI DIO. EDUCAZIONE DEL VERBO MEDIANTE LA LEGGE E I PRIFETI. SEVERITÀ E BENIGNITÀ. PECCATO E R | ||
| 501 | _aSocietà San Paolo EM - Piazza San Paolo, 14 - 12051 ALBA (CN) (non commercial uses only) ® Copyright 2017 | ||
| 520 | _aTESTO INTRODUZIONE E NOTE DI BOATTI ABELE. IL PEDAGOGO. IL PEDAGOGO E IL VERBO. RICERCA DELLA VERITÀ. MODO DELL'EDUCAZIONE. BONTÀ E GIUSTIZIA. PUNIZIONE. MINACCE DI DIO. EDUCAZIONE DEL VERBO MEDIANTE LA LEGGE E I PRIFETI. SEVERITÀ E BENIGNITÀ. PECCATO E R | ||
| 650 | _aPADRI E SCRITTORI ECCLESIASTICI | ||
| 942 | _cBK | ||
| 957 | _71 | ||
| 999 |
_a3827 _bSI _g Copie: 1 _c262035 _d262035 |
||